LEADER 01241nam a2200337 i 4500 001 991003053819707536 008 071120s2005 uk a b 001 0 eng d 020 $a9781859962787 035 $ab13622523-39ule_inst 040 $aDi.S.Te.B.A.$beng 082 00$a612.646$222 245 00$aHuman embryonic stem cells /$cedited by J. Odorico, S.-C. Zhang, R. Pedersen 260 $aOxon, UK :$bBIOS Scientific,$c2005 300 $axxii, 391 p. :$bill. ;$c24 cm 504 $aIncludes bibliographical references and index 650 0$aEmbryonic stem cells 650 0$aHuman cell culture 650 12$aEmbryo Research 650 12$aStem Cells$xPhysiology 650 22$aEmbryo$xCytology 650 22$aGenetic Engineering 700 1 $aOdorico, Jon S. 700 1 $aZhang, Su-Chun 700 1 $aPedersen, Roger A. 856 41$uhttp://www.loc.gov/catdir/toc/ecip051/2004023192.html$zTable of contents 907 $a.b13622523$b28-01-14$c20-11-07 912 $a991003053819707536 945 $aLE003 612.6 ODO 01.01 (2005)$g1$i2003000086850$lle003$op$pE140.28$q-$rl$s- $t0$u1$v22$w1$x0$y.i14660945$z01-02-08 996 $aHuman embryonic stem cells$91216209 997 $aUNISALENTO 998 $ale003$b20-11-07$cm$da $e-$feng$genk$h0$i0 LEADER 02526nam 2200637Ia 450 001 9910786288203321 005 20230801230319.0 010 $a1-55570-845-5 010 $a1-55570-844-7 035 $a(CKB)2670000000333080 035 $a(EBL)1092945 035 $a(SSID)ssj0000783488 035 $a(PQKBManifestationID)11435682 035 $a(PQKBTitleCode)TC0000783488 035 $a(PQKBWorkID)10760300 035 $a(PQKB)10431392 035 $a(MiAaPQ)EBC1092945 035 $a(Au-PeEL)EBL1092945 035 $a(CaPaEBR)ebr10633979 035 $a(OCoLC)845248626 035 $a(EXLCZ)992670000000333080 100 $a20120308d2012 uy 0 101 0 $aeng 135 $aur|n|---||||| 181 $ctxt 182 $cc 183 $acr 200 10$aIM and SMS reference services for libraries$b[electronic resource] /$fAmanda Bielskas and Kathleen M. Dreyer 210 $aChicago $cALA TechSource, an imprint of the American Library Association$dc2012 215 $a1 online resource (122 p.) 225 1 $aThe tech set ;$v19 300 $aDescription based upon print version of record. 311 $a1-55570-782-3 320 $aIncludes bibliographical references and index. 327 $aCONTENTS; FOREWORD; PREFACE; 1: INTRODUCTION; 2: TYPES OF SOLUTIONS AVAILABLE; 3: PLANNING; 4: SOCIAL MECHANICS; 5: IMPLEMENTATION; 6: MARKETING; 7: BEST PRACTICES; 8: METRICS; 9: DEVELOPING TRENDS; RECOMMENDED READING; INDEX; ABOUT THE AUTHORS 330 $aUsers want real-time answers to their reference questions wherever and whenever they are. Increasingly, that means SMS and IM services. Providing those is easier than you might think! 410 0$aTech set ;$v#19. 606 $aElectronic reference services (Libraries) 606 $aMobile communication systems$xLibrary applications 606 $aInstant messaging 606 $aText messages (Cell phone systems) 615 0$aElectronic reference services (Libraries) 615 0$aMobile communication systems$xLibrary applications. 615 0$aInstant messaging. 615 0$aText messages (Cell phone systems) 676 $a20 700 $aBielskas$b Amanda$f1974-$01484224 701 $aDreyer$b Kathleen M.$f1972-$01484225 712 02$aLibrary and Information Technology Association (U.S.) 801 0$bMiAaPQ 801 1$bMiAaPQ 801 2$bMiAaPQ 906 $aBOOK 912 $a9910786288203321 996 $aIM and SMS reference services for libraries$93702787 997 $aUNINA LEADER 03150nam 2200685 450 001 9910816980003321 005 20230125205419.0 010 $a1-60649-807-X 035 $a(CKB)3710000000120252 035 $a(OCoLC)880626582 035 $a(CaPaEBR)ebrary10873420 035 $a(CaBNVSL)swl00403409 035 $a(Au-PeEL)EBL1683378 035 $a(CaPaEBR)ebr10873420 035 $a(CaONFJC)MIL825460 035 $a(CaSebORM)9781606498064 035 $a(MiAaPQ)EBC1683378 035 $a(EXLCZ)993710000000120252 100 $a20140525d2014 fy 0 101 0 $aeng 135 $aurcnu|||||||| 181 $2rdacontent 182 $2rdamedia 183 $2rdacarrier 200 14$aThe intelligent international negotiator /$fEliane Karsaklian 205 $aFirst edition. 210 1$aNew York, New York (222 East 46th Street, New York, NY 10017) :$cBusiness Expert Press,$d2014. 215 $a1 online resource (174 p.) 225 1 $aInternational business collection,$x1948-2760 300 $aPart of: 2014 digital library. 311 $a1-60649-806-1 320 $aIncludes bibliographical references (pages 151-152) and index. 327 $a1. What international negotiation is not -- 2. Merging culture with negotiation -- 3. International negotiating styles -- 4. The international negotiators' toolkit -- Conclusion -- References -- Index. 330 3 $aWhen reading this book you will be familiar with strategies, stories, facts, and tools that intelligent international negotiators use in order to succeed in their negotiations worldwide. The unique integrative cross-cultural approach to negotiating provided by this book will help you to have a different and innovative perception of what negotiating means today. Businesspeople negotiate every day, everywhere around the world. Some are more culturally aware and some are much less. Some forget that negotiation is, first of all, a human interaction. Some still think that negotiation rhymes with competition. But after reading this book, you will approach negotiation from another perspective. More human, more pleasant, and more effective. The Intelligent International Negotiator is a ready-to-use book that you will read and digest very quickly, with inputs you will use immediately. 410 0$a2014 digital library. 410 0$aInternational business collection.$x1948-2760 606 $aNegotiation 606 $aNegotiation in business 610 $aBATNA 610 $acultural context 610 $acultural dimensions 610 $acultural intelligence 610 $ainterculturalist 610 $ainternational negotiator's toolkit 610 $amyths 610 $anegotiation process 610 $anegotiation strategies 610 $awin-lose 610 $awin-win 615 0$aNegotiation. 615 0$aNegotiation in business. 676 $a302.3 700 $aKarsaklian$b Eliane.$01677440 801 0$bMiAaPQ 801 1$bMiAaPQ 801 2$bMiAaPQ 906 $aBOOK 912 $a9910816980003321 996 $aThe intelligent international negotiator$94044310 997 $aUNINA LEADER 04045nam 22007695 450 001 9910729894403321 005 20251113184924.0 010 $a3-031-20744-0 024 7 $a10.1007/978-3-031-20744-0 035 $a(CKB)26882075600041 035 $a(MiAaPQ)EBC30589082 035 $a(Au-PeEL)EBL30589082 035 $a(OCoLC)1402800371 035 $a(DE-He213)978-3-031-20744-0 035 $a(PPN)272259365 035 $a(EXLCZ)9926882075600041 100 $a20230606d2023 u| 0 101 0 $aeng 135 $aurcnu|||||||| 181 $ctxt$2rdacontent 182 $cc$2rdamedia 183 $acr$2rdacarrier 200 14$aThe Nature of X-Rays and Their Interactions with Matter /$fby Joachim Stöhr 205 $a1st ed. 2023. 210 1$aCham :$cSpringer International Publishing :$cImprint: Springer,$d2023. 215 $a1 online resource (933 pages) 225 1 $aSpringer Tracts in Modern Physics,$x1615-0430 ;$v288 311 08$a9783031207433 327 $aIntroduction and Overview -- Production of X-Rays: From Virtual to Real Photons -- From Electromagnetic Waves to Photons -- Brightness and Coherence -- The Complete Description of Light: Higher Order Coherence -- Semi-Classical Response of Atoms to Electromagnetic Fields. 330 $aThis book gives a comprehensive account of modern x-ray science, based on the use of synchrotron radiation and x-ray-free electron lasers (XFELs). It emphasizes the new capabilities of XFELs which extend the study of matter to the intrinsic timescales associated with the motion of atoms and chemical transformations and give birth to the new field of non-linear x-ray science. Starting with the historical understanding of the puzzling nature of light, it covers the modern description of the creation, properties, and detection of x-rays within quantum optics. It then presents the formulation of the interactions of x-rays with atomic matter, both, from semi-classical and first-principles quantum points of view. The fundamental x-ray processes and techniques, absorption, emission, Thomson, and resonant scattering (REXS and RIXS) are reviewed with emphasis on simple intuitive pictures that are illustrated by experimental results. Concepts of x-ray imaging and diffractive imaging of atomic and nano structures are discussed, and the quantum optics formulation of diffraction is presented that reveals the remarkable quantum substructure of light. The unique power of x-rays in providing atom and chemical-bond specific information and separating charge and spin phenomena through x-ray polarization (dichroism) effects are highlighted. The book concludes with the discussion of many-photon or non-linear x-ray phenomena encountered with XFELs, such as stimulated emission and x-ray transparency. 410 0$aSpringer Tracts in Modern Physics,$x1615-0430 ;$v288 606 $aSynchrotrons 606 $aOptics 606 $aX-ray spectroscopy 606 $aAtoms 606 $aMolecules 606 $aQuantum optics 606 $aCondensed matter 606 $aSynchrotron Techniques 606 $aLight-Matter Interaction 606 $aX-Ray Spectroscopy 606 $aAtomic, Molecular and Chemical Physics 606 $aQuantum Optics 606 $aCondensed Matter Physics 615 0$aSynchrotrons. 615 0$aOptics. 615 0$aX-ray spectroscopy. 615 0$aAtoms. 615 0$aMolecules. 615 0$aQuantum optics. 615 0$aCondensed matter. 615 14$aSynchrotron Techniques. 615 24$aLight-Matter Interaction. 615 24$aX-Ray Spectroscopy. 615 24$aAtomic, Molecular and Chemical Physics. 615 24$aQuantum Optics. 615 24$aCondensed Matter Physics. 676 $a539.7222 676 $a539.7222 700 $aSto?hr$b Joachim$00 801 0$bMiAaPQ 801 1$bMiAaPQ 801 2$bMiAaPQ 906 $aBOOK 912 $a9910729894403321 996 $aThe Nature of X-Rays and Their Interactions with Matter$93421497 997 $aUNINA